<?xml version="1.0" encoding="UTF-8"?>
<record
    xmlns:xsi="http://www.w3.org/2001/XMLSchema-instance"
    xsi:schemaLocation="http://www.loc.gov/MARC21/slim http://www.loc.gov/standards/marcxml/schema/MARC21slim.xsd"
    xmlns="http://www.loc.gov/MARC21/slim">

  <leader>01980cam a22002774a 4500</leader>
  <controlfield tag="001">12987859</controlfield>
  <controlfield tag="005">20210414114130.0</controlfield>
  <controlfield tag="008">021031s2003    nyua          001 0 eng  </controlfield>
  <datafield tag="010" ind1=" " ind2=" ">
    <subfield code="a">  2002040962</subfield>
  </datafield>
  <datafield tag="020" ind1=" " ind2=" ">
    <subfield code="a">0072565942 (alk. paper)</subfield>
  </datafield>
  <datafield tag="040" ind1=" " ind2=" ">
    <subfield code="a">DLC</subfield>
    <subfield code="c">DLC</subfield>
    <subfield code="d">DLC</subfield>
  </datafield>
  <datafield tag="042" ind1=" " ind2=" ">
    <subfield code="a">pcc</subfield>
  </datafield>
  <datafield tag="050" ind1="0" ind2="0">
    <subfield code="a">TK5105.888.H62  </subfield>
  </datafield>
  <datafield tag="082" ind1="0" ind2="0">
    <subfield code="a">005.2/76</subfield>
    <subfield code="2">21</subfield>
  </datafield>
  <datafield tag="100" ind1="1" ind2=" ">
    <subfield code="a">Hofstetter, Fred T.</subfield>
    <subfield code="q">(Fred Thomas),</subfield>
    <subfield code="d">1949-</subfield>
  </datafield>
  <datafield tag="245" ind1="1" ind2="0">
    <subfield code="a">Advanced Web design. /</subfield>
    <subfield code="c">by Fred T. Hofstetter.</subfield>
  </datafield>
  <datafield tag="260" ind1=" " ind2=" ">
    <subfield code="a">New York :</subfield>
    <subfield code="b">McGraw-Hill,</subfield>
    <subfield code="c">2003.</subfield>
  </datafield>
  <datafield tag="300" ind1=" " ind2=" ">
    <subfield code="a">xxii, 442 p. :</subfield>
    <subfield code="b">ill. (some col.) ;</subfield>
    <subfield code="c">28 cm.</subfield>
  </datafield>
  <datafield tag="500" ind1=" " ind2=" ">
    <subfield code="a">Includes index.</subfield>
  </datafield>
  <datafield tag="505" ind1=" " ind2=" ">
    <subfield code="a">Contents: Elements of advanced web design -- Gaining access to advanced web servers -- Creating interactive content -- Visualizing the navigation -- Designing themes and styles -- Securing a web -- Socializing a web -- Commercializing a web -- Hello, world ! scripting project -- Variables and assignments -- Arrays, loops and comparisons -- Functions and includes -- Interaction, forms and cookies -- Document object model -- Javascript special effects -- Installing a database -- Database design principles -- Frontpage database wizards -- ActiveX data objects(ADO) -- Structured query language (SQL) -- Understanding .NET -- Installing visual studio .NET -- Creating the ASP. NET clock project -- Creating the topsecret database -- Listing users -- Adding users -- Updating users -- Deleting users -- Logging users in -- Creating top secret pages -- User controls -- Encoding data in XML -- XSL transformations -- Designing an XML schema -- XML modules -- XML web services --  Forming teams and managing projects -- Custom controls.</subfield>
  </datafield>
  <datafield tag="650" ind1=" " ind2="0">
    <subfield code="a">Web site development.</subfield>
  </datafield>
  <datafield tag="650" ind1=" " ind2="0">
    <subfield code="a">Web sites</subfield>
    <subfield code="x">Design.</subfield>
  </datafield>
  <datafield tag="906" ind1=" " ind2=" ">
    <subfield code="a">7</subfield>
    <subfield code="b">cbc</subfield>
    <subfield code="c">orignew</subfield>
    <subfield code="d">1</subfield>
    <subfield code="e">ocip</subfield>
    <subfield code="f">20</subfield>
    <subfield code="g">y-gencatlg</subfield>
  </datafield>
  <datafield tag="942" ind1=" " ind2=" ">
    <subfield code="2">lcc</subfield>
    <subfield code="c">BK</subfield>
  </datafield>
  <datafield tag="999" ind1=" " ind2=" ">
    <subfield code="c">2185</subfield>
    <subfield code="d">9685</subfield>
  </datafield>
  <datafield tag="952" ind1=" " ind2=" ">
    <subfield code="0">0</subfield>
    <subfield code="1">0</subfield>
    <subfield code="2">lcc</subfield>
    <subfield code="4">0</subfield>
    <subfield code="7">0</subfield>
    <subfield code="a">WIUC-1</subfield>
    <subfield code="b">WIUC-1</subfield>
    <subfield code="c">GEN</subfield>
    <subfield code="d">2012-08-27</subfield>
    <subfield code="l">0</subfield>
    <subfield code="o">TK5105.888.H62</subfield>
    <subfield code="p">6078/12</subfield>
    <subfield code="r">2012-08-27 00:00:00</subfield>
    <subfield code="t">1</subfield>
    <subfield code="w">2012-08-27</subfield>
    <subfield code="y">BK</subfield>
  </datafield>
</record>
